Kariérne rozhodnutia mladých ľudí smerujúce k pôsobeniu v oblasti IKT dizertačná práca
Salvato in:
| Autore principale: | |
|---|---|
| Ente Autore: | |
| Altri autori: | |
| Natura: | Libro |
| Lingua: | slovacco |
| Pubblicazione: |
Bratislava
2025
|
| Soggetti: | |
| Tags: |
Nessun Tag, puoi essere il primo ad aggiungerne!!
|
MARC
| LEADER | 00000nbm a2200000 4500 | ||
|---|---|---|---|
| 001 | 0311450 | ||
| 005 | 20250813092619.6 | ||
| 041 | 0 | |a slo | |
| 044 | |a SK | ||
| 245 | 1 | 0 | |a Kariérne rozhodnutia mladých ľudí smerujúce k pôsobeniu v oblasti IKT |b dizertačná práca |c Nina Kocúrová ; školiteľ: Róbert Hanák |
| 264 | 1 | |a Bratislava |c 2025 | |
| 300 | |a 150 s. | ||
| 610 | 2 | 0 | |a kariéra |
| 610 | 2 | 0 | |a rozhodovanie |
| 610 | 2 | 0 | |a mládež |
| 610 | 2 | 0 | |a technológie informačné |
| 610 | 2 | 0 | |a technológie komunikačné |
| 610 | 2 | 0 | |a sebadôvera |
| 100 | 1 | |a Kocúrová, Nina, 1997- | |
| 700 | 1 | |a Hanák, Róbert, 1979- | |
| 710 | 2 | |a Fakulta podnikového manažmentu EU. Katedra informačného manažmentu | |